000 01406cam a22002891i 4500
003 SA-RiAUC
005 20250420152331.0
008 241124s1993 su g 000 0 ara c
040 _aMA-HhKAF
_bara
_cSA-RiAUC.
_erda
072 7 _aMAI
082 0 4 _a253.901
_qSA-RiAUC
090 _a253.901
_bا ب ن ا
100 1 _aابن أنجاك، أحمد
_eمؤلف.
245 1 0 _aزورق الخائض في علم الفرائض على منظومة محمد بن المختار بن حميد القلاوي /
_cتأليف سيدي أحمد بن أنجاك. ويليه كتاب مجداف الزورق / تأليف خطري ولد محمد أحمد.
264 1 _aجدة، السعودية :
_bمؤسسة المدينة للصحافة،
_c1993
300 _a137 صفحة ؛
_c24 سم
336 _aنص
_btxt
_2rdacontent
_3كتاب
337 _aبدون وسيط
_bn
_2rdamedia
338 _aمجلد
_bnc
_2rdacarrier
650 7 _aالمواريث (فقه إسلامي)
_2aucsh
700 1 2 _aالقلاوي، محمد بن المختار بن حميد
_tمنظومة محمد بن المختار بن حميد القلاوي.
700 1 2 _aأحمد، خطري ولد محمد.
_tمجداف الزروق.
740 0 2 _aمنظومة محمد بن المختار بن حميد القلاوي.
740 0 2 _aمجداف الزورق.
942 _2ddc
_cBOOK
_n0
949 _aSA-JeALM
_d241124
_umohamedma123
_n1
999 _c7238
_d7238